000 00349pab a2200133 454500
008 180718b1986 xxu||||| |||| 00| 0 eng d
100 _aNogami, Glenday
245 _aMilitary psychology
_bApplicable Research
260 _c1986
300 _a461-63
650 _aMilitary Research
773 _aJournal of Applied Social Psychology
909 _a13406
999 _c13406
_d13406